Statistics for Truncated Words #2

Click here to take the quiz!

General Stats

  • This quiz has been taken 6,486 times
  • The average score is 15 of 27

Answer Stats

Hint Answer % Correct
_wiligh_Twilight
96%
_osmeti_Cosmetic
87%
_echanis_Mechanism
83%
_ewbor_Newborn
80%
_rievin_Grieving
75%
_leuth_Sleuths
73%
_pitom_Epitome
72%
_ogwas_Hogwash
72%
_tres_Stress
70%
_andfal_Landfall
66%
_acksta_Backstab
60%
_efen_Defend
57%
_ayhe_Mayhem
57%
_gnoram_Ignorami
54%
_riti_Critic
52%
_ealto_Realtor
51%
_inetee_Nineteen
51%
_erplun_Kerplunk
50%
_indo_Window
48%
_rim_Primp
44%
_ealt_Health
43%
_uror_Aurora
33%
_ratori_Oratorio
31%
_aoba_Baobab
29%
_earl_Yearly
28%
_ushu_Pushup
26%
_ero_Xerox
21%

Score Distribution

Percentile by Number Answered

Percent of People with Each Score

Your Score History

You have not taken this quiz